000 01477nam0a22003491 4500
001 RU\NLR\A2V16\16648
005 20251203171251.9
035 _a(NLR Aleph) 009819707
090 _a10242337
_c10242337
100 _a19991006d1551 u y0rusy50 ca
101 0 _alat
102 _aRU
105 _ay |||||
200 1 _aLivoniae historia in compendium ex annalibus contracta
_fA Thoma Hornero Egrano. De sacrificiis et idolatria veterum Livonum & Borussorum libellus Ioannis Menecii [!]
210 _a[Regiomonti (Kaliningrad)]
_cIn Academia Regiimontis excudebat Ioannes Lufft
_d1551 mense Maio
215 _a[56] с.
_d4° (18 cм)
316 _aЭкз. с читат. пометами
_513.9.6.77
317 _aЭкслибрис: Księgozbiór Piotra Aleksandra Wereszczyńskiego и штампом Имп. б-ки
_513.9.6.77
327 0 _aВ кн. также: Ad ... dominum Henricum Vulff, in Livonia Marianorum ordinis praefectum Soneburgensem, Epigramma Thomae Horneri Egrani
620 _dKaliningrad
686 _aИр7505 [Т3(233.1)4]
700 1 _aHorner
_bT.
_gThomas
_4070
702 1 _6z01790
_aMalecki
_bJ.
_fок. 1490-1567
_gJan
_4070
702 1 _aLufft
_bI.
_gIoannes
_4610
790 1 _6z01702
_aMenecius
_gJoannes
_4070
801 0 _aRU
_bNLR
_c19991006
852 _aNLR
_j13.9.6.77
942 _cBOOK
980 _aNB
980 _ain16